Statistics for Cavs Records - Total Rebounds

Click here to take the quiz!

General Stats

  • This quiz has been taken 19 times
    (4 since last reset)
  • The average score is 8 of 10

Answer Stats

Rank No.Total ReboundsAnswer% Correct
45,208Brad Daugherty
100%
*7*3,828Kevin Love
100%
16,190LeBron James
100%
35,393Tristan Thompson
100%
25,904Zydrunas Ilgauskas
100%
64,454Anderson Varejão
75%
54,669John "Hot Rod" Williams
75%
93,561Larry Nance
75%
83,790Jim Chones
25%
103,551Jim Brewer
0%

Score Distribution

Percentile by Number Answered

Percent of People with Each Score

Your Score History

You have not taken this quiz since the last reset